000 01938nam a2200433 i 4500
005 20220317001737.0
007 ta
008 210806s20142019ck a dr 000 jdspa d
020 _a9789583043475
040 _aCO-BoRNBP
_bspa
_erda
_cCO-BoRNBP
041 0 _aspa
084 _aC CUE27
245 0 0 _aCuentos de humor
_cselección de Guido L. Tamayo S. ; ilustraciones Henry González
250 _aSegunda edición
_bPrimera reimpresión
264 1 _aBogotá
_bPanamericana
_c2014
_c2019
300 _a126 páginas
_bilustraciones
_c21 cm
336 _atexto
_btxt
_2rdacontent
337 _asin mediación
_bn
_2rdamedia
338 _avolumen
_bnc
_2rdacarrier
490 _aEl pozo y el péndulo
505 0 0 _tEl camaleón
_rAnton Chejov
_tUn curioso sueño
_rMark Twain
_tTobermory
_rSaki
_tUna tumba sin fondo
_rAmbrose Bierce
_tPulpos
_rJuan Carlos Rodríguez
_tLa carne
_rVirgilio Piñera
_tAnuncio
_rJuan José Arreola
_tMíster Taylor
_rAugusto Monterroso
_tPetición de mano
_rSalvador Garmendia
521 _aRecomendado para un público mayor de 15 años
545 _aIncluye datos biográficos de los autores al inicio de cada cuento
650 1 7 _aCuentos colombianos
_2ARMARC
650 1 7 _aLiteratura colombiana
_2ARMARC
650 1 7 _aHumor
_vCuentos
_2ARMARC
700 1 _aTamayo Sánchez, Guido Leonardo
_d1955-
_ecompilador
_974868
700 1 _aGonzález, Henry
_eilustrador
_910755
700 1 _aChejov, Anton,
_d1860-1904
_eautor
_9178884
700 1 _aTwain, Mark,
_d1835-1910
_eautor
_9178885
700 1 _aSaki,
_d1870-1916
_eautor
_99030
700 1 _aBierce, Ambrose,
_d1842-1914
_eautor
_9178886
700 1 _aRodríguez, Juan Carlos,
_d1971-
_eautor
_9178887
700 1 _aPiñera, Virgilio,
_d1912-1979
_eautor
_972031
700 1 _aArreola, Juan José,
_d1918-
_eautor
_9178888
700 1 _aMonterroso, Augusto,
_d1921-2003
_eautor
_9178889
700 1 _aGarmendia, Salvador ,
_d1928-2001
_eautor
_9178890
942 _2loc
_cBKLIT
999 _c7940
_d7940